Beginning partial differential equations (Record no. 16015)

MARC details
000 -LEADER
fixed length control field 00535 am a2200205 a 4500
001 - CONTROL NUMBER
control field 153373
003 - CONTROL NUMBER IDENTIFIER
control field OSt
005 - DATE AND TIME OF LATEST TRANSACTION
control field 20211001173552.0
008 - FIXED-LENGTH DATA ELEMENTS--GENERAL INFORMATION
fixed length control field 0727 ###
020 ## - INTERNATIONAL STANDARD BOOK NUMBER
International Standard Book Number 9781118629949
082 ## - DEWEY DECIMAL CLASSIFICATION NUMBER
Classification number 515.353
Item number O25B
100 1# - MAIN ENTRY--PERSONAL NAME
Personal name O'Neil, Peter V.
245 1# - TITLE STATEMENT
Title Beginning partial differential equations
Statement of responsibility, etc by Peter V. O'Neil
250 ## - EDITION STATEMENT
Edition statement 3rd ed.
260 ## - PUBLICATION, DISTRIBUTION, ETC. (IMPRINT)
Place of publication, distribution, etc Hoboken
Name of publisher, distributor, etc John Wiley
Date of publication, distribution, etc 2014
300 ## - PHYSICAL DESCRIPTION
Extent vii, 438p.
630 ## - SUBJECT ADDED ENTRY--UNIFORM TITLE
Uniform title Mathematics
653 ## - INDEX TERM--UNCONTROLLED
Uncontrolled term Differential equations, Partial
942 ## - ADDED ENTRY ELEMENTS (KOHA)
Source of classification or shelving scheme Dewey Decimal Classification
Koha item type Books
Holdings
Withdrawn status Lost status Source of classification or shelving scheme Damaged status Not for loan Collection code Home library Current library Date acquired Source of acquisition Full call number Barcode Checked out Date last seen Price effective from Koha item type Total Checkouts
    Dewey Decimal Classification     General Text Book Central University Of Rajasthan Central University Of Rajasthan 11/09/2018 MTH(P) 515.353 O25B 31276 31/12/2018 02/09/2020 02/09/2020 Books  
            Central University Of Rajasthan Central University Of Rajasthan 26/07/2016   515.353 O25B 27825 01/01/2018 02/09/2020 02/09/2020 Books